Countries With Amusement Parks With More Than Five Coasters - Statistics

General Stats
  • This quiz has been taken 67 times
  • The average score is 23 of 30
Answer Stats
Number Answer % Correct
55 Parks United States
100%
8 Parks France
98%
3 Parks Spain
96%
31 Parks China
94%
9 Parks Japan
94%
1 Park Mexico
94%
10 Parks United Kingdom
94%
10 Parks Germany
92%
7 Parks Italy
92%
2 Parks Canada
90%
2 Parks India
84%
1 Park Poland
84%
2 Parks Sweden
84%
2 Parks Australia
80%
5 Parks Denmark
80%
3 Parks Finland
80%
1 Park Norway
80%
3 Parks Netherlands
78%
1 Park South Korea
78%
1 Park Austria
74%
3 Parks Belgium
72%
1 Park Ireland
68%
2 Parks United Arab Emirates
66%
1 Park Indonesia
60%
1 Park South Africa
52%
1 Park Singapore
50%
2 Parks Vietnam
46%
1 Park Chile
40%
1 Park Iran
40%
1 Park Costa Rica
14%
No matching quizzes found
Score Distribution
Percent of People with Each Score
Percentile by Number Answered
Your Score History
You have not taken this quiz